[Event "NRW Class1 0405"]
[Site "Germany"]
[Date "2005.02.20"]
[Round "7.8"]
[White "Kloke, Stephan"]
[Black "Bartmann, Guenter"]
[Result "1-0"]
[WhiteElo "2101"]
[BlackElo "1819"]
[PlyCount "51"]
[EventDate "2004.10.10"]
[EventType "team"]
[EventRounds "9"]
[EventCountry "GER"]
[SourceTitle "EXT 2006"]
[Source "ChessBase"]
[SourceDate "2005.11.24"]
[SourceVersion "1"]
[SourceVersionDate "2005.11.24"]
[SourceQuality "1"]
[WhiteTeam "Koeln Porz III"]
[BlackTeam "Betzdorf Kirchen"]
[WhiteTeamCountry "GER"]
[BlackTeamCountry "GER"]

1. e4 c5 2. Nf3 d6 3. d4 cxd4 4. Nxd4 Nf6 5. Nc3 a6 6. Be3 e5 7. Nb3 Be7 8. f3 Qc7 9. Qd2 0-0 10. 0-0-0 b5 11. g4 Bb7 12. g5 Nfd7 13. h4 Nb6 14. Na5 N8d7 15. Nxb7 Qxb7 16. Qf2 Rfc8 17. Nd5 Nxd5 18. Rxd5 Rc6 19. h5 Rac8 20. Rd2 f6 21. Bh3 Qc7 22. Be6+ Kh8 23. g6 Rd8 24. h6 Nf8 25. hxg7+ Kxg7 26. Bh6+ 1-0